[Event "37th Nezhmetdinov Rapid"]
[Site "Kazan RUS"]
[Date "2015.05.29"]
[Round "4.7"]
[White "Alavkin, Arseny"]
[Black "Hovhannisyan, Robert"]
[Result "0-1"]
[WhiteTitle "GM"]
[BlackTitle "GM"]
[WhiteElo "2381"]
[BlackElo "2599"]
[WhiteFideId "4120612"]
[BlackFideId "13302507"]
[EventDate "2015.05.29"]

1. e4 c6 2. d4 d5 3. e5 Bf5 4. Nf3 e6 5. Be2 Ne7 6. O-O h6 7. b3 c5 8. c4 Nbc6
9. dxc5 d4 10. Bd3 Bxd3 11. Qxd3 Ng6 12. Qe4 Bxc5 13. a3 a5 14. Bb2 O-O 15. Rd1
Qb6 16. Rd3 Qc7 17. Nxd4 Ncxe5 18. Rd2 Rad8 19. Nf3 Bd6 20. Nxe5 Bxe5 21. Bxe5
Qxe5 22. Qxe5 Nxe5 23. a4 g5 24. Raa2 Nd3 25. Kf1 Kg7 26. Rac2 Nc5 27. Rxd8 Rxd8
28. Nd2 f5 29. Ke2 Kf6 30. g3 e5 31. f3 h5 32. Rb2 g4 33. Rb1 Nd3 34. Rf1 Ke6
35. Rh1 Nc5 36. h3 gxf3+ 37. Nxf3 Nxb3 38. Rb1 Nd4+ 39. Nxd4+ Rxd4 40. Rb6+ Rd6
41. Rxb7 Rc6 42. Kd3 e4+ 43. Ke3 Rxc4 44. Rb6+ Ke5 45. Rb5+ Kf6 46. Rxa5 Rc3+
47. Kf2 Ra3 48. h4 Ke6 49. Kg2 Ra2+ 50. Kf1 Kf6 51. Kg1 e3 52. Kf1 Rf2+ 53. Ke1
Rg2 54. Ra6+ Ke5 55. Rg6 Ke4 56. Rb6 Kf3 0-1

[Event "37th Nezhmetdinov Rapid"]
[Site "Kazan RUS"]
[Date "2015.05.29"]
[Round "4.8"]
[White "Rozum, Ivan"]
[Black "Shahinyan, David"]
[Result "1/2-1/2"]
[WhiteTitle "GM"]
[BlackTitle "FM"]
[WhiteElo "2539"]
[BlackElo "2436"]
[WhiteFideId "24104272"]
[BlackFideId "13304380"]
[EventDate "2015.05.29"]

1. d4 e6 2. c4 f5 3. g3 Nf6 4. Bg2 d5 5. Nf3 c6 6. O-O Bd6 7. Qc2 O-O 8. Nc3 Ne4
9. Ne5 Nd7 10. Nd3 Qf6 11. e3 Kh8 12. b3 a5 13. Bb2 Qh6 14. Rae1 Rb8 15. Ne2 b6
16. Ne5 Nxe5 17. dxe5 Bb4 18. Rd1 Bb7 19. Nf4 Rbc8 20. Bd4 Nc5 21. Nd3 Nxd3 22.
Rxd3 b5 23. c5 Ra8 24. Bb2 a4 25. Rd4 axb3 26. axb3 Ba5 27. Ra1 Bc7 28. Rdd1 Qg5
29. Rxa8 Rxa8 30. Ra1 Qd8 31. Bf1 Rxa1 32. Bxa1 Qa8 33. Bd4 Qa3 34. h4 Ba5 35.
Be2 Qb4 36. g4 g6 37. gxf5 gxf5 38. Kg2 Qd2 39. Qxd2 Bxd2 40. Bh5 Kg7 41. Kf3
Be1 42. Ke2 Ba5 43. Kd3 Bd8 44. f3 Bxh4 45. e4 dxe4+ 46. fxe4 fxe4+ 47. Kxe4 Bc8
48. Be8 Bb7 49. Kf4 Kf8 50. Bh5 Bc8 51. Kg4 Be7 52. Be3 Bd7 53. b4 Kg7 54. Bf4
Bd8 55. Be3 Be7 56. Bf4 Bd8 57. Kg3 Be7 58. Kg4 Kg8 59. Bh6 Bf8 60. Kg5 Bg7 61.
Bxg7 Kxg7 62. Kg4 Kf8 63. Kg5 Kg7 64. Kg4 Kf8 65. Kg5 Kg7 1/2-1/2

[Event "37th Nezhmetdinov Rapid"]
[Site "Kazan RUS"]
[Date "2015.05.29"]
[Round "4.9"]
[White "Balashov, Yuri S"]
[Black "Lintchevski, Daniil"]
[Result "0-1"]
[WhiteTitle "GM"]
[BlackTitle "GM"]
[WhiteElo "2443"]
[BlackElo "2554"]
[WhiteFideId "4100263"]
[BlackFideId "4171055"]
[EventDate "2015.05.29"]

1. e4 c6 2. Nf3 d5 3. Nc3 Bg4 4. h3 Bh5 5. d4 e6 6. Bd3 dxe4 7. Nxe4 Nd7 8. O-O
Ngf6 9. Ng3 Bg6 10. Bxg6 hxg6 11. Qe2 Be7 12. Re1 O-O 13. c4 Re8 14. b3 Qc7 15.
Bb2 Rad8 16. a3 c5 17. dxc5 Bxc5 18. b4 Qxg3 19. bxc5 Qc7 20. Nd4 Qxc5 21. Nb3
Qh5 22. Qe3 b6 23. a4 Rc8 24. Rac1 Nc5 25. Nxc5 Qxc5 26. Bd4 Qc6 27. c5 Nd5 28.
Qe5 f6 29. Qe4 Qxa4 30. cxb6 Rxc1 31. Rxc1 axb6 32. Ra1 Qd7 33. g3 g5 34. Rb1 b5
35. h4 gxh4 36. Qxh4 Rc8 37. Ra1 e5 38. Ra7 Qf5 0-1

[Event "37th Nezhmetdinov Rapid"]
[Site "Kazan RUS"]
[Date "2015.05.29"]
[Round "4.10"]
[White "Rychagov, Andrey"]
[Black "Hasangatin, Ramil"]
[Result "0-1"]
[WhiteTitle "GM"]
[BlackTitle "GM"]
[WhiteElo "2561"]
[BlackElo "2509"]
[WhiteFideId "4119932"]
[BlackFideId "4122160"]
[EventDate "2015.05.29"]

1. d4 d6 2. Nf3 Bg4 3. e4 Nf6 4. Nc3 c6 5. Be2 e6 6. Bg5 Be7 7. Qd2 d5 8. e5 Ne4
9. Nxe4 dxe4 10. Bxe7 Qxe7 11. Ng5 Bf5 12. g4 Bg6 13. O-O-O h6 14. Nh3 Nd7 15.
Nf4 Bh7 16. Qe3 O-O-O 17. Rd2 g5 18. Nh5 f5 19. exf6 Nxf6 20. Nxf6 Qxf6 21. f3
Rhf8 22. fxe4 Qf4 23. Qxf4 Rxf4 24. Bc4 Bxe4 25. Bxe6+ Kc7 26. Rg1 Rd6 27. Bb3
Bf3 28. c3 Bxg4 29. Re1 Rdf6 30. Bd1 Rf1 31. Re7+ Kb6 32. d5 Bxd1 33. Rxd1 cxd5
34. Rh7 a5 35. a4 Kc6 36. b4 b6 37. b5+ Kd6 38. Rb7 Ke5 39. Re7+ Kd6 40. Rb7
Rxd1+ 41. Kxd1 Ke5 42. Ke2 g4 43. Rg7 Kf4 44. Rd7 Rf5 45. Rd6 Rh5 46. Rf6+ Ke5
47. Rxb6 Rxh2+ 48. Kd3 h5 49. Rg6 Kf5 50. Rg8 h4 51. Kd4 h3 52. Rf8+ Kg5 53.
Rg8+ Kf4 54. Rf8+ Kg3 55. Kxd5 Rd2+ 56. Kc5 Kh2 57. b6 g3 0-1

[Event "37th Nezhmetdinov Rapid"]
[Site "Kazan RUS"]
[Date "2015.05.30"]
[Round "5.2"]
[White "Lintchevski, Daniil"]
[Black "Vorobiov, Evgeny E."]
[Result "1/2-1/2"]
[WhiteTitle "GM"]
[BlackTitle "GM"]
[WhiteElo "2554"]
[BlackElo "2579"]
[WhiteFideId "4171055"]
[BlackFideId "4121341"]
[EventDate "2015.05.29"]

1. Nf3 Nf6 2. c4 g6 3. g3 Bg7 4. Bg2 c5 5. Nc3 Nc6 6. O-O O-O 7. d4 cxd4 8. Nxd4
Nxd4 9. Qxd4 d6 10. Qd3 a6 11. Bd2 Nd7 12. b3 Nc5 13. Qc2 Bf5 14. e4 Bd7 15.
Rfd1 b5 16. cxb5 axb5 17. Rac1 Rc8 18. Qb1 Bc6 19. Be3 Qe8 20. b4 Nd7 21. Nd5
Bxd5 22. Rxc8 Qxc8 23. Rxd5 Ne5 24. Rxb5 Ng4 25. Bb6 Qa6 26. Bf1 Rb8 27. Qc2
Rxb6 28. Rxb6 Qxb6 29. Qc8+ Bf8 30. Qxg4 Qxb4 31. Qe2 e6 32. Qc4 Qa5 33. a4 Be7
34. Qb5 Qxb5 1/2-1/2

[Event "37th Nezhmetdinov Rapid"]
[Site "Kazan RUS"]
[Date "2015.05.30"]
[Round "5.3"]
[White "Hasangatin, Ramil"]
[Black "Goganov, Aleksey"]
[Result "1/2-1/2"]
[WhiteTitle "GM"]
[BlackTitle "GM"]
[WhiteElo "2509"]
[BlackElo "2609"]
[WhiteFideId "4122160"]
[BlackFideId "24109959"]
[EventDate "2015.05.29"]

1. e4 e5 2. Nf3 Nc6 3. Bb5 a6 4. Ba4 Nf6 5. Bxc6 dxc6 6. d3 Nd7 7. Be3 Be7 8.
Nbd2 O-O 9. Nc4 f6 10. O-O Nc5 11. h3 Ne6 12. d4 exd4 13. Nxd4 Nxd4 14. Qxd4
Qxd4 15. Bxd4 c5 16. Bc3 b6 17. Rad1 Be6 18. Ne3 Rad8 19. Nf5 Bxf5 20. exf5 c4
21. Rfe1 Kf7 22. g4 Bc5 23. Kg2 Rfe8 24. Rxe8 Rxd1 25. Re1 Rd6 26. Kf3 b5 27. a3
Bd4 28. Bxd4 Rxd4 29. Re6 Rd2 30. Re2 Rd1 31. c3 Rd6 32. Re4 Rd2 33. Re2 Rd3+
34. Re3 Rd2 35. Re2 Rd6 36. Re4 c5 37. Ke2 g6 38. fxg6+ hxg6 39. h4 Rd5 40. Re3
Rd8 41. h5 gxh5 42. gxh5 Rd5 43. Rh3 Re5+ 44. Kd2 Kg7 45. Rg3+ Rg5 46. Re3 Rd5+
47. Ke2 Rxh5 48. Re7+ Kg6 49. Ra7 Rh1 50. Rd7 Rb1 51. Rd2 Kf5 52. Kf3 a5 53. Rc2
Rd1 54. Ke2 Rd3 55. Rc1 Ke4 56. Rh1 b4 57. Rh4+ Kd5 58. Rh5+ Kc6 59. axb4 axb4
60. Rf5 Rd6 61. cxb4 cxb4 62. Ra5 Rd3 63. f4 Rb3 64. Ra2 Kd5 65. Kd2 Ke4 66. Kc2
Kxf4 67. Ra6 f5 68. Rc6 Re3 69. Rxc4+ Re4 70. Rc5 Re3 71. Rc4+ Kg3 72. Rxb4 f4
73. Kd2 Re8 74. Rb7 f3 75. Rg7+ Kh2 76. Rf7 Kg2 77. Rg7+ Kf1 78. Kd3 f2 79. b4
Ke1 80. Rf7 f1=Q+ 81. Rxf1+ Kxf1 82. b5 Re1 83. Kd4 Rb1 84. Kc5 Ke2 85. b6 Ke3
86. Kc6 Ke4 87. b7 Ke5 88. Kc7 Rc1+ 89. Kd7 Rb1 90. Kc7 Rxb7+ 91. Kxb7 1/2-1/2

[Event "37th Nezhmetdinov Rapid"]
[Site "Kazan RUS"]
[Date "2015.05.30"]
[Round "5.4"]
[White "Hovhannisyan, Robert"]
[Black "Kabanov, Nikolai"]
[Result "1-0"]
[WhiteTitle "GM"]
[BlackTitle "GM"]
[WhiteElo "2599"]
[BlackElo "2489"]
[WhiteFideId "13302507"]
[BlackFideId "4127820"]
[EventDate "2015.05.29"]

1. e4 e5 2. Nf3 Nc6 3. Bb5 Nf6 4. O-O Nxe4 5. Re1 Nd6 6. Bf1 Be7 7. Nxe5 O-O 8.
d4 Nf5 9. Nf3 d5 10. c3 Bd6 11. Bd3 Nh4 12. Ng5 Bf5 13. Bxf5 Nxf5 14. Qd3 Re8
15. Rxe8+ Qxe8 16. Nd2 g6 17. Nf1 f6 18. Nf3 Nd8 19. Bd2 c6 20. Re1 Qd7 21. h3
Ne6 22. N3h2 Nf4 23. Bxf4 Bxf4 24. Ng4 Kf7 25. Qf3 Bc7 26. Nfe3 Re8 27. Rf1 Kg7
28. Nxf5+ Qxf5 29. Qxf5 gxf5 30. Ne3 f4 31. Nf5+ Kf7 32. Rb1 Re2 33. Kf1 Rc2 34.
Nh4 Bb6 35. Nf3 c5 36. Ne1 Rd2 37. Nf3 Rc2 38. Ne1 Rd2 39. dxc5 Bxc5 40. Nd3 Be3
41. fxe3 Rxd3 42. exf4 Rd2 43. Kg1 h5 44. f5 h4 45. a4 Re2 46. Rd1 Rxb2 47. Rxd5
Rb3 48. Rd4 Rxc3 49. Rd7+ Ke8 50. Rxb7 Rc5 51. Rb5 Rc7 52. Kf2 Kd7 53. Rb4 Rc5
54. Rxh4 Rxf5+ 55. Ke3 Ke6 56. Re4+ Kf7 57. Rc4 a5 58. g4 Re5+ 59. Kf3 Kg6 60.
Kg3 Re3+ 61. Kg2 Ra3 62. Rf4 Kg7 63. h4 Kg6 64. Kf2 Kg7 65. h5 Rb3 66. Kg2 Ra3
67. Kf2 Rb3 68. Rf5 Rb4 69. g5 fxg5 70. Rxg5+ Kh6 71. Rxa5 Rc4 72. Ke3 Rb4 73.
Kd3 Rf4 74. Kc3 Kh7 75. Ra7+ Kh6 76. Kb3 Rf3+ 77. Kc4 Rf4+ 78. Kd5 Kxh5 79. a5
Kg6 80. Re7 Ra4 81. Ra7 Rf4 82. Re7 Ra4 83. Re6+ Kf7 84. Ra6 Rh4 85. Ra7+ Ke8
86. Kc6 Rh6+ 87. Kc7 Rh7+ 88. Kb8 Rh6 89. Rb7 Kd8 90. Rb6 Rh8 91. a6 Kd7+ 92.
Kb7 1-0

[Event "37th Nezhmetdinov Rapid"]
[Site "Kazan RUS"]
[Date "2015.05.30"]
[Round "5.5"]
[White "Shahinyan, David"]
[Black "Timofeev, Artyom"]
[Result "1/2-1/2"]
[WhiteTitle "FM"]
[BlackTitle "GM"]
[WhiteElo "2436"]
[BlackElo "2534"]
[WhiteFideId "13304380"]
[BlackFideId "4140419"]
[EventDate "2015.05.29"]

1. c4 c5 2. Nc3 g6 3. g3 Bg7 4. Bg2 Nc6 5. Nf3 e6 6. d4 cxd4 7. Nb5 Nge7 8. Nd6+
Kf8 9. Ng5 Ne5 10. f4 h6 11. fxe5 hxg5 12. O-O Nf5 13. Nxf5 gxf5 14. Qxd4 Qc7
15. Qd6+ Qxd6 16. exd6 Bd4+ 17. Kh1 Be5 18. Bxg5 Bxd6 19. Bf4 Bxf4 20. Rxf4 Rb8
21. e4 fxe4 22. Bxe4 Ke7 23. g4 e5 24. Rf2 d6 25. Raf1 Be6 26. Bd5 Rh7 27. Bxe6
Kxe6 28. Rf6+ Ke7 29. Kg2 b5 30. c5 dxc5 31. Ra6 Rbh8 32. Rxa7+ Ke6 33. Rh1 Rd8
34. Ra6+ Ke7 35. Re1 Rd2+ 36. Kf3 Rh3+ 37. Ke4 f6 38. g5 fxg5 39. Kxe5 Rhxh2 40.
Ra7+ Kd8 41. Kf6 Rd7 42. Ra8+ Kc7 43. Re5 Kb7 44. Rae8 Rc7 45. Re2 Rxe2 46. Rxe2
g4 47. Rg2 Rd7 48. Rxg4 Rd2 49. b4 Rxa2 50. Ke5 cxb4 51. Rxb4 Kb6 52. Kd4 Rc2
53. Rb1 Rc8 54. Kd3 Rc5 55. Kd4 Rc8 56. Kd3 Rc7 57. Kd4 Rc4+ 58. Kd3 Kc5 59. Rb2
Rc1 60. Kd2 Rc4 61. Kd3 Rc1 62. Kd2 Rh1 63. Rb3 b4 64. Kc2 Kb5 65. Rg3 Ka4 66.
Kb2 Rh2+ 67. Kb1 b3 68. Rg8 Ka3 69. Ra8+ Kb4 70. Rb8+ Ka3 71. Ra8+ Kb4 1/2-1/2

[Event "37th Nezhmetdinov Rapid"]
[Site "Kazan RUS"]
[Date "2015.05.30"]
[Round "5.6"]
[White "Andriasian, Zaven"]
[Black "Sharafiev, Azat"]
[Result "1/2-1/2"]
[WhiteTitle "GM"]
[BlackTitle "IM"]
[WhiteElo "2600"]
[BlackElo "2415"]
[WhiteFideId "13302000"]
[BlackFideId "4186214"]
[EventDate "2015.05.29"]

1. Nf3 d5 2. c4 d4 3. g3 Nc6 4. Bg2 e5 5. d3 Bb4+ 6. Nbd2 a5 7. O-O Nf6 8. a3
Bd6 9. Qc2 O-O 10. Ng5 Re8 11. Rb1 h6 12. Nge4 Nxe4 13. Nxe4 Bf8 14. f4 f5 15.
Nf2 Kh8 16. Re1 Bd6 17. c5 Bf8 18. b4 axb4 19. axb4 exf4 20. Bxf4 Ne5 21. e4 Ng6
22. Bd2 c6 23. Rf1 Ne5 24. Rbe1 Ra3 25. Bf4 Ng4 26. Nxg4 fxg4 27. Bc1 Rc3 28.
Qd1 Be6 29. Bf4 Rb3 30. Qd2 b6 31. Bxh6 bxc5 32. Bg5 Qd7 33. bxc5 Bxc5 34. Rd1
Reb8 35. Bf6 Kg8 36. Be5 Bd6 37. Bxd6 Qxd6 38. Qg5 R3b5 39. Qg6 Qe7 40. e5 Bf7
41. Qxg4 Rxe5 42. Bxc6 Bh5 43. Qxd4 Bxd1 44. Rxd1 Re1+ 45. Rxe1 Qxe1+ 46. Kg2
Qe2+ 47. Qf2 Qxd3 48. Bf3 Rc8 49. Qa2+ Kh8 50. Qd5 Rc2+ 51. Kh3 Qxd5 52. Bxd5
Rc5 1/2-1/2

[Event "37th Nezhmetdinov Rapid"]
[Site "Kazan RUS"]
[Date "2015.05.30"]
[Round "5.7"]
[White "Gordievsky, Dmitry"]
[Black "Danin, Alexandre"]
[Result "1/2-1/2"]
[WhiteTitle "FM"]
[BlackTitle "GM"]
[WhiteElo "2480"]
[BlackElo "2575"]
[WhiteFideId "24112798"]
[BlackFideId "4144031"]
[EventDate "2015.05.29"]

1. d4 Nf6 2. c4 g6 3. Nc3 d5 4. Nf3 Bg7 5. Bg5 Ne4 6. Bh4 Nxc3 7. bxc3 dxc4 8.
e3 Be6 9. Be2 Nd7 10. O-O Nb6 11. Qc2 O-O 12. Rfd1 Qe8 13. h3 f6 14. Bg3 Rc8 15.
e4 Bd7 16. Qb2 f5 17. exf5 Bxf5 18. Ne5 Qa4 19. Bf3 c6 20. Re1 Rce8 21. Bd1 Qa5
22. Be2 Be6 23. a4 Bd5 24. Qa3 Bxe5 25. Bxe5 Nd7 26. Bf1 Nxe5 27. Rxe5 Qc7 28.
Qa2 Rf5 29. Rae1 b5 30. axb5 cxb5 31. Qa6 Rxe5 32. Rxe5 Qc6 33. Qxa7 e6 34. Re1
Ra8 35. Qe7 Qe8 36. Qc5 Rc8 37. Qb4 Ra8 38. Rb1 Bc6 39. Qc5 Qd7 40. Re1 Qd5 41.
Qe7 Re8 42. Qf6 Qf5 43. Qxf5 gxf5 44. Ra1 e5 45. Ra6 exd4 46. Rxc6 dxc3 47.
Bxc4+ bxc4 48. Rxc4 Re1+ 49. Kh2 Rc1 50. Rc7 f4 51. Rc8+ Kg7 52. Rc7+ Kg6 53.
Rc5 c2 54. h4 Kf6 55. f3 Ke6 56. Rc8 h5 57. Rc5 Kd6 58. Rc8 Kd5 59. Rd8+ Kc4 60.
Rc8+ Kd3 61. Rd8+ Ke3 62. Re8+ 1/2-1/2

[Event "37th Nezhmetdinov Rapid"]
[Site "Kazan RUS"]
[Date "2015.05.30"]
[Round "5.8"]
[White "Korchmar, Vasiliy"]
[Black "Rozum, Ivan"]
[Result "1-0"]
[WhiteTitle "FM"]
[BlackTitle "GM"]
[WhiteElo "2393"]
[BlackElo "2539"]
[WhiteFideId "24131750"]
[BlackFideId "24104272"]
[EventDate "2015.05.29"]

1. d4 g6 2. e4 Bg7 3. Nc3 d6 4. Be3 Nf6 5. f3 c6 6. Qd2 b5 7. Nge2 Nbd7 8. g4
Nb6 9. b3 Bb7 10. g5 Nfd7 11. h4 b4 12. Nd1 c5 13. h5 Rg8 14. hxg6 hxg6 15. Nf2
d5 16. O-O-O cxd4 17. Bxd4 e5 18. Bb2 Qe7 19. Kb1 O-O-O 20. exd5 Nxd5 21. Ne4
Nc5 22. Qc1 Kb8 23. N2g3 Nf4 24. Nxc5 Qxc5 25. Ne4 Rxd1 26. Qxd1 Qe7 27. Bc4 Rd8
28. Qe1 a5 29. Rh7 Nh5 30. Nf6 e4 31. fxe4 Qc5 32. e5 Bf3 33. Bd3 Bxf6 34. exf6
Bd5 35. Qe5+ Ka8 36. Rxf7 Nf4 37. Bd4 Nxd3 38. cxd3 1-0

[Event "37th Nezhmetdinov Rapid"]
[Site "Kazan RUS"]
[Date "2015.05.30"]
[Round "5.9"]
[White "Geller, Jakov"]
[Black "Yagupov, Igor"]
[Result "1-0"]
[WhiteTitle "GM"]
[BlackTitle "GM"]
[WhiteElo "2474"]
[BlackElo "2392"]
[WhiteFideId "4151984"]
[BlackFideId "4113632"]
[EventDate "2015.05.29"]

1. e4 c5 2. Nf3 Nc6 3. d4 cxd4 4. Nxd4 e5 5. Nb5 d6 6. N1c3 a6 7. Na3 b5 8. Nd5
Nf6 9. Bg5 Be7 10. Bxf6 Bxf6 11. c4 b4 12. Nc2 O-O 13. Qf3 Bg5 14. h4 Bh6 15.
Bd3 Be6 16. Nde3 Bxe3 17. Qxe3 Qa5 18. b3 Qc5 19. a3 bxa3 20. Qxc5 dxc5 21. Rxa3
Rfd8 22. Ke2 a5 23. Ke3 Rab8 24. Rha1 Rb6 25. Kd2 f5 26. Kc3 f4 27. Ne1 Rdb8 28.
Bc2 Rd8 29. Nd3 Rxd3+ 30. Bxd3 Ra6 31. Be2 Kf7 32. g3 fxg3 33. fxg3 Ke7 34. R3a2
Ra8 35. Rf1 Nd4 36. Bd1 Bh3 37. Rff2 Be6 38. g4 Kd6 39. g5 Kc7 40. Rf1 Kb6 41.
Raf2 Ra7 42. Rf8 Rd7 43. Re8 Bh3 44. Rf2 Nc6 45. Rd2 Rf7 46. Rd6 Kc7 47. Rd5 Kb6
48. h5 Bg2 49. Re6 Bh3 50. Red6 Kc7 51. g6 hxg6 52. Rxg6 Bd7 53. Rxc5 Rf1 54.
Rd5 Nb4 55. Rd2 Rf7 56. Bg4 Bxg4 57. Rxg4 Rf3+ 58. Kb2 Rh3 59. Rxg7+ Kb6 60. Rg5
Nd3+ 61. Rxd3 Rxd3 62. Rxe5 1-0

[Event "37th Nezhmetdinov Rapid"]
[Site "Kazan RUS"]
[Date "2015.05.30"]
[Round "5.10"]
[White "Iljin, Artem"]
[Black "Severina, Maria"]
[Result "1-0"]
[WhiteTitle "GM"]
[BlackTitle "WIM"]
[WhiteElo "2537"]
[BlackElo "2212"]
[WhiteFideId "4156021"]
[BlackFideId "4116909"]
[EventDate "2015.05.29"]

1. Nf3 Nf6 2. c4 b6 3. g3 Bb7 4. Bg2 e6 5. O-O Be7 6. Nc3 O-O 7. Re1 Ne4 8. Nxe4
Bxe4 9. d3 Bb7 10. e4 c5 11. d4 cxd4 12. Nxd4 Nc6 13. Nb5 d6 14. Bf4 Ne5 15. b3
a6 16. Nc3 Qc7 17. Qd2 Rfd8 18. Rac1 Bc6 19. Nd5 Qb7 20. Nxe7+ Qxe7 21. Bg5 f6
22. Be3 Qb7 23. Bd4 b5 24. cxb5 axb5 25. f4 Ng6 26. Rxc6 Qxc6 27. e5 Qa6 28.
exf6 Qxa2 29. Qe3 e5 30. Bd5+ Kf8 31. fxe5 dxe5 32. fxg7+ Ke7 33. Bxa8 Qxa8 34.
Bxe5 Kf7 35. Bc3 Qd5 36. Rf1+ Kg8 37. Qf3 Qxf3 38. Rxf3 Rc8 39. h4 Ne7 40. h5
Nd5 41. Bd4 h6 42. Rf5 Nc7 43. Rf6 Ne8 44. Rf8+ 1-0

[Event "37th Nezhmetdinov Rapid"]
[Site "Kazan RUS"]
[Date "2015.05.30"]
[Round "6.2"]
[White "Vorobiov, Evgeny E."]
[Black "Geller, Jakov"]
[Result "0-1"]
[WhiteTitle "GM"]
[BlackTitle "GM"]
[WhiteElo "2579"]
[BlackElo "2474"]
[WhiteFideId "4121341"]
[BlackFideId "4151984"]
[EventDate "2015.05.29"]

1. e4 c5 2. Nf3 Nc6 3. d3 g6 4. g3 Bg7 5. Bg2 d6 6. O-O Nf6 7. Na3 O-O 8. c3 Rb8
9. Re1 b5 10. d4 b4 11. cxb4 Nxb4 12. d5 Ba6 13. Bf1 Bxf1 14. Kxf1 e6 15. dxe6
fxe6 16. Kg2 d5 17. exd5 exd5 18. Ng5 Ne4 19. Nxe4 dxe4 20. Bf4 Nd3 21. Bxb8
Rxf2+ 22. Kh1 Rxb2 23. Qa4 Nxe1 24. Rxe1 Rxb8 25. Qc4+ Kh8 26. Qxe4 Qd4 27. Nc4
Qxe4+ 28. Rxe4 Bd4 29. Re7 Rb4 30. Nd6 Ra4 31. Rd7 Rxa2 32. Nf7+ Kg7 33. Ng5+
Kf6 34. Nxh7+ Kf5 35. Rf7+ Ke5 0-1

[Event "37th Nezhmetdinov Rapid"]
[Site "Kazan RUS"]
[Date "2015.05.30"]
[Round "6.3"]
[White "Iljin, Artem"]
[Black "Bocharov, Dmitry"]
[Result "0-1"]
[WhiteTitle "GM"]
[BlackTitle "GM"]
[WhiteElo "2537"]
[BlackElo "2577"]
[WhiteFideId "4156021"]
[BlackFideId "4138716"]
[EventDate "2015.05.29"]

1. Nf3 g6 2. d4 Bg7 3. c3 Nf6 4. Bg5 h6 5. Bh4 d6 6. Nbd2 c5 7. dxc5 dxc5 8. e4
Nc6 9. Bc4 O-O 10. Qe2 Nh5 11. Qe3 Na5 12. Qxc5 Nxc4 13. Qxc4 Be6 14. Qb4 Nf4
15. O-O g5 16. Bg3 Ne2+ 17. Kh1 g4 18. Nd4 Nxd4 19. cxd4 Qxd4 20. Qxd4 Bxd4 21.
e5 Rfd8 22. Ne4 Rac8 23. Nc3 b5 24. Rfd1 b4 25. Na4 b3 26. axb3 Bxb3 27. Re1 Rc2
28. Kg1 Rdc8 29. h3 gxh3 30. gxh3 R8c4 31. Nc3 Rxb2 32. Nd5 Rcc2 0-1

[Event "37th Nezhmetdinov Rapid"]
[Site "Kazan RUS"]
[Date "2015.05.30"]
[Round "6.4"]
[White "Hasangatin, Ramil"]
[Black "Lintchevski, Daniil"]
[Result "1/2-1/2"]
[WhiteTitle "GM"]
[BlackTitle "GM"]
[WhiteElo "2509"]
[BlackElo "2554"]
[WhiteFideId "4122160"]
[BlackFideId "4171055"]
[EventDate "2015.05.29"]

1. e4 c6 2. d4 d5 3. Nd2 dxe4 4. Nxe4 Bf5 5. Ng3 Bg6 6. Bc4 e6 7. N1e2 Bd6 8.
Nf4 Nf6 9. c3 O-O 10. O-O Nbd7 11. Bb3 Qc7 12. Qf3 e5 13. Nxg6 hxg6 14. Be3 exd4
15. Bxd4 Bc5 16. Rad1 Bxd4 17. Rxd4 Nc5 18. Rfd1 Rad8 19. Qe3 Rde8 20. Qf3 Rd8
21. Qe3 Rde8 22. Qf3 Rd8 1/2-1/2

[Event "37th Nezhmetdinov Rapid"]
[Site "Kazan RUS"]
[Date "2015.05.30"]
[Round "6.5"]
[White "Goganov, Aleksey"]
[Black "Isajevsky, Anton"]
[Result "1/2-1/2"]
[WhiteTitle "GM"]
[BlackTitle "FM"]
[WhiteElo "2609"]
[BlackElo "2403"]
[WhiteFideId "24109959"]
[BlackFideId "4142500"]
[EventDate "2015.05.29"]

1. d4 d5 2. c4 e6 3. Nf3 Nf6 4. Nc3 Be7 5. Bf4 O-O 6. e3 b6 7. Rc1 c5 8. dxc5
bxc5 9. Be2 Bb7 10. O-O Nbd7 11. cxd5 exd5 12. Ne5 Nb6 13. Bf3 Rc8 14. Nb5 Qe8
15. Nc3 Bd6 16. Ng4 Qe6 17. Nxf6+ Qxf6 18. Bxd6 Qxd6 19. Nxd5 Nxd5 20. e4 Rfd8
21. exd5 Bxd5 22. Bxd5 Qxd5 23. Qxd5 Rxd5 24. Rfd1 Rxd1+ 25. Rxd1 Kf8 26. Kf1
Ke7 27. Ke2 Rb8 28. b3 a5 29. Kd3 Kd6 30. Kc4+ Kc6 31. Re1 Rb4+ 32. Kc3 Rh4 33.
h3 Rf4 34. f3 h5 35. Re5 g6 36. Re4 Rf5 37. h4 Rd5 38. Re7 Rf5 39. Kc4 Rf4+ 40.
Re4 Rf5 41. Kc3 Rd5 42. Rf4 f5 43. g4 Kb5 44. a3 Kc6 45. gxh5 gxh5 46. Ra4 Kb5
47. Rf4 1/2-1/2

[Event "37th Nezhmetdinov Rapid"]
[Site "Kazan RUS"]
[Date "2015.05.30"]
[Round "6.6"]
[White "Danin, Alexandre"]
[Black "Korchmar, Vasiliy"]
[Result "0-1"]
[WhiteTitle "GM"]
[BlackTitle "FM"]
[WhiteElo "2575"]
[BlackElo "2393"]
[WhiteFideId "4144031"]
[BlackFideId "24131750"]
[EventDate "2015.05.29"]

1. e4 e5 2. Nf3 Nc6 3. d4 exd4 4. Nxd4 Nf6 5. Nxc6 bxc6 6. e5 Qe7 7. Qe2 Nd5 8.
Nd2 g6 9. c4 Ba6 10. Nf3 Qb4+ 11. Kd1 Nb6 12. b3 O-O-O 13. Kc2 Bg7 14. Bd2 Qf8
15. Bg5 f6 16. exf6 Bxf6 17. Bxf6 Qxf6 18. Qe5 Qf7 19. c5 Bxf1 20. cxb6 d6 21.
Qe4 Bxg2 22. bxa7 Kb7 23. a8=Q+ Rxa8 24. Qb4+ Kc8 25. Nd2 Bxh1 26. Rxh1 Rxa2+
27. Kb1 Ra6 28. Re1 Qf5+ 29. Kb2 Qf6+ 30. Kc2 Ra2+ 31. Kd3 Qf5+ 32. Qe4 Qxe4+
33. Rxe4 Rf8 34. f3 Kd7 35. Rh4 Rf7 36. f4 Ra5 37. Ne4 Rd5+ 38. Ke3 Re7 39. Rh6
Rd1 40. Kf3 Rd3+ 41. Ke2 Rd4 0-1

[Event "37th Nezhmetdinov Rapid"]
[Site "Kazan RUS"]
[Date "2015.05.30"]
[Round "6.7"]
[White "Kabanov, Nikolai"]
[Black "Gordievsky, Dmitry"]
[Result "0-1"]
[WhiteTitle "GM"]
[BlackTitle "FM"]
[WhiteElo "2489"]
[BlackElo "2480"]
[WhiteFideId "4127820"]
[BlackFideId "24112798"]
[EventDate "2015.05.29"]

1. e4 c6 2. Nc3 d5 3. Qe2 d4 4. Nd1 e5 5. g3 Bd6 6. d3 Ne7 7. f4 exf4 8. gxf4 c5
9. Nf3 Nbc6 10. Bg2 Ng6 11. e5 Be7 12. Nf2 Bf5 13. O-O Qd7 14. Ne4 O-O 15. a3
Rae8 16. Bd2 a5 17. Rae1 b6 18. Qf2 Bh3 19. Bxh3 Qxh3 20. Qg3 Qh5 21. Qg2 Nh4
22. Nxh4 Bxh4 23. Rf3 Qg6 24. Ng3 f5 25. Kh1 Qe6 26. Rg1 Bxg3 27. Rxg3 g6 28. h4
Ne7 29. h5 Kf7 30. Rh3 Rg8 31. Qg5 Rg7 32. Kh2 a4 33. Be1 Nd5 34. Bh4 Ne3 35.
Qh6 Ng4+ 36. Rxg4 fxg4 37. Bf6 Reg8 38. Rh4 Qf5 39. Bxg7 Rxg7 40. Kg3 c4 41.
hxg6+ hxg6 42. Qh8 g5 43. Rh6 gxf4+ 44. Kg2 f3+ 0-1

[Event "37th Nezhmetdinov Rapid"]
[Site "Kazan RUS"]
[Date "2015.05.30"]
[Round "6.8"]
[White "Rychagov, Andrey"]
[Black "Sharafiev, Azat"]
[Result "0-1"]
[WhiteTitle "GM"]
[BlackTitle "IM"]
[WhiteElo "2561"]
[BlackElo "2415"]
[WhiteFideId "4119932"]
[BlackFideId "4186214"]
[EventDate "2015.05.29"]

1. d4 Nf6 2. c4 e6 3. Nf3 d5 4. Nc3 Nbd7 5. Bf4 c6 6. e3 Be7 7. h3 O-O 8. Rc1 b6
9. Bd3 Bb7 10. O-O dxc4 11. Bxc4 c5 12. Qe2 cxd4 13. exd4 a6 14. a4 Re8 15. Rfd1
Bf8 16. Ne5 Nd5 17. Nxd5 exd5 18. Bd3 g6 19. Qf3 Rc8 20. Rxc8 Qxc8 21. Nxf7 Kxf7
22. Rc1 Bc6 23. Bc7+ Nf6 24. Rxc6 Re1+ 25. Kh2 Be7 26. Rc2 Qd7 27. b3 a5 28. Be5
Qe6 29. Rc7 Ke8 30. Bb5+ Kd8 31. Rc6 Rxe5 32. dxe5 Qxe5+ 33. Qg3 Qxg3+ 34. fxg3
Nd7 35. g4 d4 36. Re6 Nc5 37. Re5 Bd6 0-1